| 000 | 00000nam##2200000za#4500 |
| 001 | 9.603912 |
| 003 | CaOODSP |
| 005 | 20210624211317 |
| 007 | cr ||||||||||| |
| 008 | 150406|2000||||xxc|||||o f|0| 0 fre|d |
| 040 | |aCaOODSP|bfre |
| 043 | |an-cn--- |
| 086 | 1 |aH42-2/67-17-1999F-PDF |
| 110 | 1 |aCanada.|bSanté Canada. |bProgramme des produits thérapeutiques. |
| 245 | 10|aDurée des essais de toxicité chronique chez les animaux (essais de toxicité chez les rongeurs et les autres animaux) |h[ressource électronique] |
| 260 | |aOttawa - Ontario : |bSanté Canada. |cc2000. |
| 300 | |a8p. |
| 490 | 1 |aLigne directrice à l'intention de l'industrie |vICH thème S4A |
| 500 | |aLe n° de catalogue (H42-2/67-17-1999F) et l'ISBN (0-662-84258-8) de l'édition imprimée ont été incorrectement copiés dans l'édition électronique. |
| 590 | |a12-21-Supp|b2012-05-18 |
| 691 | 07|aTest|2gcpds |
| 691 | 07|aMédicament|2gcpds |
| 691 | 07|aRongeur|2gcpds |
| 691 | 07|aToxicologie|2gcpds |
| 775 | 08|tDuration of chronic toxicity testing in animals (rodent and non rodent toxicity testing) |w(CaOODSP)9.573942 |
| 776 | 0#|tDurée des essais de toxicité chronique chez les animaux (essais de toxicité chez les rongeurs et les autres animaux) |w(CaOODSP)9.625207 |
| 830 | #0|aLigne directrice à l'intention de l'industrie ;|vICH thème S4A|w(CaOODSP)9.500885 |
| 856 | 40|ahttp://publications.gc.ca|qPDF|s38 Ko|uhttps://publications.gc.ca/collections/Collection/H42-2-67-17-1999F.pdf|yICH thème S4A |